000 01217nam a2200337Ic 4500
001 59769
003 CO-BoRNBP
005 20251105150227.0
007 ta
008 180815s2015 ck a g 000 0 spa
020 _a9789587754544
040 _aCO-BoRNBP
_bspa
_erda
_cCO-BoRNBP
041 _aspa
082 0 4 _a551.5632
_bT67r
100 _aTorres Sánchez, Horacio
_eaut
_966568
245 1 3 _aEl rayo en el trópico :
_bcertezas temporales de investigación sobre el fenómeno del rayo /
_cHoracio Torres Sánchez.
250 _aPrimera edición
264 1 _aBogotá, Colombia :
_bUniversidad Nacional de Colombia,
_c2015
300 _a211 páginas :
_bilustraciones, algunas a color
336 _atexto
_btxt
_2rdacontent
337 _asin mediación
_bn
_2rdamedia
338 _avolumen
_bnc
_2rdacarrier
500 _aIncluye índice páginas 205-211
504 _aIncluye referencias bibliográficas páginas 197-204
521 _aRecomendado para público adulto
650 0 7 _aElectricidad atmosférica
_xTrópicos
_2lemb
_966569
650 0 7 _aRadiación atmosférica
_xTrópicos
_2lemb
_966570
650 0 7 _aRayos atmosféricos
_2lemb
_966571
650 0 7 _aTempestades
_2LEMB
_966572
942 _2ddc
_cBK
999 _c59769
_d59769